Restore your magnificence : a life-changing guide to reclaiming your self-esteem

Bibliographic Details
Main Author: Rubino, Joe
Format: Book
Published: Petaling Jaya : Golden Books Centre , 2005
Subjects:

MARC

LEADER 00000cam a2200000 7i4500
001 0000003362
005 20050824.0
020 0 0 |a 9837205423 
090 0 0 |a 158.1   |b RUB 
100 1 0 |a Rubino, Joe 
245 1 0 |a Restore your magnificence :   |b a life-changing guide to reclaiming your self-esteem   |c Joe Rubino 
260 0 0 |a Petaling Jaya :   |b Golden Books Centre ,   |c 2005 
300 |a 184p. ;   |c 20cm. 
650 0 0 |a Self-actualization (Psychology) 
650 0 0 |a Self-esteem 
999 |a 0000006291   |b Monograph   |c Open Shelf   |e Default branch